MARC
| LEADER | 00000 a a2200000 04500 | ||
|---|---|---|---|
| 001 | 22681 | ||
| 003 | |||
| 040 | |||
| 090 | |a 155500 | ||
| 110 | |a Organización Latinoamericana de Energía | ||
| 245 | |a Programa latinoamericano de cooperación energética / |c Organización Latinoamericana de Energía | ||
| 250 | |a 2 | ||
| 260 | |a Quito: |b OLADE | ||
| 300 | |a 187 p. |b **no definido** | ||
| 710 | |a OLADE | ||
| 999 | |c 14610 |d 14610 | ||
